| 000 | 01343nam a2200253Ia 4500 | ||
|---|---|---|---|
| 003 | Ost | ||
| 005 | 20260507075006.0 | ||
| 008 | 260507s9999||||xx |||||||||||||| ||und|| | ||
| 020 | _a9957121405 | ||
| 040 | _cfsecg | ||
| 041 | _aara | ||
| 082 | _a352.96 | ||
| 100 |
_aالنعيمي، عدنان تايه _eمؤلف |
||
| 245 | 0 |
_aالتحليل والتخطيط المالي : _bاتجاهات معاصرة / _c عدنان تايه النعيمي |
|
| 260 |
_aعمان: _bدار اليازوري, _c2008 |
||
| 300 |
_a382 صفحة؛ _c24 سم |
||
| 504 | _aبيبليوغرافيا: ص.375- 382 | ||
| 520 | _aيضم مدخل إلى التحليل المالي، الاتجاهات التقليدية لأدوات التحليل المالي التحليل باستخدام النسب المالية ، الاتجاهات الحديثة في التحليل المالي ، المفاهيم الاساسية في التخطيط المالي ، تخطيط التدفقات النقدية و الاحتياجات المالية ، التخطيط و الربحية ، تخطيط مخاطر التدفقات النقدية . | ||
| 653 | _aالاقتصاد التحليلي | ||
| 653 | _aالتخطيط | ||
| 653 | _aالسياسة المالية | ||
| 700 |
_aالتميمي، رشد فؤاد _eمؤلف ثانوي |
||
| 942 | _cكتاب | ||
| 999 |
_c42112 _d42112 |
||